Calculus : (Record no. 23231)

MARC details
000 -LEADER
fixed length control field 01651cam a2200385 i 4500
001 - CONTROL NUMBER
control field 016026404
003 - CONTROL NUMBER IDENTIFIER
control field EG-ScBUE
005 - DATE AND TIME OF LATEST TRANSACTION
control field 20241002140740.0
008 - FIXED-LENGTH DATA ELEMENTS--GENERAL INFORMATION
fixed length control field 120202t2013 njua f 001 0 eng d
020 ## - INTERNATIONAL STANDARD BOOK NUMBER
International Standard Book Number 9781118092408 (paperback)
020 ## - INTERNATIONAL STANDARD BOOK NUMBER
International Standard Book Number 1118092406 (paperback)
040 ## - CATALOGING SOURCE
Original cataloging agency StDuBDS
Language of cataloging eng
Description conventions rda
Transcribing agency StDuBDS
Modifying agency Uk
-- EG-ScBUE
082 04 - DEWEY DECIMAL CLASSIFICATION NUMBER
Edition number 22
Classification number 515
Item number ANT
100 1# - MAIN ENTRY--PERSONAL NAME
Personal name Anton, Howard,
Relator term author.
9 (RLIN) 41687
245 10 - TITLE STATEMENT
Title Calculus :
Remainder of title early transcendentals /
Statement of responsibility, etc Howard Anton, Drexel University, Irl Bivens, Davidson University, Stephen Davis, Davidson University.
250 ## - EDITION STATEMENT
Edition statement Tenth edition.
250 ## - EDITION STATEMENT
Edition statement International student version.
264 #1 - PUBLICATION, DISTRIBUTION, ETC. (IMPRINT)
Place of publication, distribution, etc Hoboken, New Jersey :
Name of publisher, distributor, etc John Wiley & Sons, Inc.,
Date of publication, distribution, etc [2013]
264 #4 - PUBLICATION, DISTRIBUTION, ETC. (IMPRINT)
Date of publication, distribution, etc c2013
300 ## - PHYSICAL DESCRIPTION
Extent xix, 1168 p., 123 variously numbered pages :
Other physical details illustrations (black and white, and colour) ;
Dimensions 26 cm
336 ## - CONTENT TYPE
Source rdacontent
Content type term text
Content type code txt
337 ## - MEDIA TYPE
Media type term unmediated
Source rdamedia
Media type code n
338 ## - CARRIER TYPE
Carrier type term volume
Carrier type code nc
Source rdacarrier
500 ## - GENERAL NOTE
General note Includes index.<br/>
520 ## - SUMMARY, ETC.
Summary, etc Anton, Bivens & Davis latest issue of Calculus Early Transcendentals Single Variable continues to build upon previous editions to fulfill the needs of a changing market by providing flexible solutions to teaching and learning needs of all kinds
590 ## - LOCAL NOTE (RLIN)
Local note Wessam
650 #7 - SUBJECT ADDED ENTRY--TOPICAL TERM
Topical term or geographic name as entry element Calculus
Form subdivision Textbooks.
Source of heading or term BUEsh
9 (RLIN) 19913
651 ## - SUBJECT ADDED ENTRY--GEOGRAPHIC NAME
Source of heading or term BUEsh
653 ## - INDEX TERM--UNCONTROLLED
Resource For college Engineering, General
Arrived date list November2016
655 ## - INDEX TERM--GENRE/FORM
Form subdivision Reading book
700 1# - ADDED ENTRY--PERSONAL NAME
Personal name Bivens, Irl‏,
Relator term author.
9 (RLIN) 41688
700 1# - ADDED ENTRY--PERSONAL NAME
Personal name Davis, Stephen,‏ ‎
Dates associated with a name 1952-‏
Relator term author.
9 (RLIN) 41689
856 ## - ELECTRONIC LOCATION AND ACCESS
Uniform Resource Identifier <a href="http://eu.wiley.com/WileyCDA/WileyTitle/productCd-EHEP002429.html">http://eu.wiley.com/WileyCDA/WileyTitle/productCd-EHEP002429.html</a>
Link text Companion website
942 ## - ADDED ENTRY ELEMENTS (KOHA)
Source of classification or shelving scheme Dewey Decimal Classification
Koha item type Book - Borrowing
Holdings
Withdrawn status Lost status Source of classification or shelving scheme Damaged status Not for loan Collection code Home library Current library Shelving location Date acquired Source of acquisition Cost, normal purchase price Serial Enumeration / chronology Total Checkouts Total Renewals Full call number Barcode Date last seen Date checked out Cost, replacement price Price effective from Koha item type
    Dewey Decimal Classification     Baccah Central Library Central Library First floor 21/11/2016 Purchase 418.00 25845 2 30 515 ANT 000034813 15/07/2025 01/10/2017 522.50 21/11/2016 Book - Borrowing